[Event "Sochi Lobanov Memorial Rapid"]
[Site "Sochi"]
[Date "2021.06.25"]
[Round "8"]
[White "Moiseev, Valeriy"]
[Black "Zhugin, Nikolay"]
[Result "0-1"]
[WhiteElo "1979"]
[BlackElo "1897"]
[PlyCount "66"]
[EventDate "2021.06.24"]
[EventType "swiss (rapid)"]
[EventRounds "9"]
[EventCountry "RUS"]
[SourceTitle "CBM 203 Extra"]
[Source "ChessBase"]
[SourceDate "2021.09.30"]
[SourceVersion "1"]
[SourceVersionDate "2021.09.30"]
[SourceQuality "1"]

1. d4 Nf6 2. Nd2 d5 3. e3 g6 4. Bd3 b6 5. f4 Bb7 6. Ngf3 c5 7. c3 Bg7 8. 0-0 Nfd7 9. b3 e6 10. Ba3 a5 11. Ne5 f6 12. Nxd7 Nxd7 13. Qe2 f5 14. Nf3 Bf8 15. Bb5 Bd6 16. Ne5 Bxe5 17. fxe5 Qc7 18. Rac1 Bc6 19. Rfd1 0-0 20. Bd3 a4 21. Qb2 axb3 22. axb3 b5 23. Ra1 Qb6 24. Qe2 Rfc8 25. Rdb1 b4 26. dxc5 Nxc5 27. Bxb4 Nd7 28. Bd6 Rxa1 29. Rxa1 Qxb3 30. Ra3 Qb6 31. Ra6 Qd8 32. Ra7 f4 33. Ba6 Rb8 0-1